| 000 | 00873cab a2200253 4500 | ||
|---|---|---|---|
| 001 | ABS49383 | ||
| 008 | 090401t1993 xxu||||| |||| 00| 0 eng d | ||
| 035 | _a(Sirsi) u71058 | ||
| 041 | _aeng | ||
| 100 | _aAshworth, S. | ||
| 245 | _aPlanning benefits: a new regime? | ||
| 260 | _c1993 | ||
| 350 | _a0 | ||
| 490 |
_aHouse Builder _vSeptember 1993, 19-20(2) |
||
| 520 | _aCalls for a revision of DoE Circular 16/91 following "R v Plymouth and South Devon Co-operative Society Ltd" 1993 to stop developers `buying` planning permission through `benefit` packages. | ||
| 650 | _aCOMMUNITY BENEFITS | ||
| 650 | _aDOE CIRCULAR 16/1991 | ||
| 650 | _aPLANNING GAIN | ||
| 650 | _aR V PLYMOUTH CITY COUNCIL EX P PLYMOUTH AND SOUTH DEVON CO-OPERATIVE SOCIETY LTD | ||
| 650 | _aSUPERSTORES | ||
| 690 | _aPLANNING LAW AND PRACTICE | ||
| 942 | _n0 | ||
| 948 | _c04/03/1997 | ||
| 999 |
_c44766 _d44766 |
||